Statistics for Largest Peninsula by Continent

Click here to take the quiz!

General Stats

  • This quiz has been taken 294 times
  • The average score is 3 of 6

Answer Stats

ContinentPeninsula% Correct
EuropeScandinavian
74%
AsiaArabian
73%
AfricaHorn of Africa
72%
North AmericaAlaska
61%
AustraliaCape York
46%
AntarcticaAntarctic
23%

Score Distribution

Percentile by Number Answered

Percent of People with Each Score

Your Score History

You have not taken this quiz